| 000 | 00705 a2200253 4500 | ||
|---|---|---|---|
| 001 | 73449 | ||
| 999 |
_c73449 _d21673 |
||
| 003 | TR-AnTOB | ||
| 005 | 20210416103843.0 | ||
| 008 | 090115s2003 00000 eng | ||
| 041 | _aeng | ||
| 050 |
_aHG353 _b.W67 2003 |
||
| 090 | _aHG353 .W67 2003 | ||
| 245 | 4 |
_aThe World currencies of the third millennium / _ccompiler Osmon Satkeyev ; translation N. J. Sopueva. |
|
| 264 | 1 |
_aBishkek , _b, _c2003. |
|
| 300 |
_a776 p. : _bcol. ill., maps ; _c30 cm. |
||
| 650 | 0 |
_aPaper money _951333 |
|
| 650 | 7 |
_aKağıt para _2etuturkob _913294 |
|
| 700 |
_aSatkeyev, Osmon _951331 |
||
| 700 |
_aSopueva, N. J. _951332 |
||
| 902 | _a0027682 | ||
| 903 | _aMerkez Kutuphane | ||
| 945 | _aSC, CS | ||
| 942 | _cBK | ||